000 00613nam a22001937a 4500
999 _c11641
_d11641
003 OSt
005 20200229100046.0
008 181214b ||||| |||| 00| 0 eng d
022 _a00116009
040 _c0
082 _aDPer 792.805 D19 Mar-Aug 2016 v. 90, n. 3-8
100 _aThompson, Candice.
_933111
245 _aLook before you leap:
_bhow to avoid and escape nightmare jobs/
_cCandice Thompson.
260 _aNew York:
_bDance Media,
_c©Mar-Aug 2016.
300 _av90 n8, page 50.
_bcolored illustration:
_c25 cm.
500 _aDance magazine
650 _aBallet
_933159
_xDancer.
942 _2ddc
_cPER